[Event "Luc Bourbonnais mem."]
[Site "Gatineau CAN"]
[Date "2022.09.20"]
[Round "2"]
[White "Godbout, Elliott"]
[Black "Simard, Francois"]
[Result "0-1"]
[WhiteElo "1356"]
[BlackElo "1371"]
[PlyCount "60"]
[EventDate "2022.09.13"]
[EventType "swiss"]
[EventRounds "5"]
[EventCountry "CAN"]
[TimeControl "5400+30"]

1. d4 d5 2. c4 e6 3. Nf3 Nf6 4. e3 Be7 5. Be2 O-O 6. O-O dxc4 7. Bxc4 b6 8. Nc3
Bb7 9. Qe2 Nc6 10. Ba6 Qc8 11. Bxb7 Qxb7 12. Bd2 Rfd8 13. Rac1 Rac8 14. Rfd1
Bd6 15. e4 Nd7 16. e5 Bf8 17. Qe4 Qa8 18. Ng5 g6 19. Qh4 h5 20. g4 Nxd4 21.
gxh5 Nxe5 22. Qe4 Ndf3+ 23. Nxf3 Nxf3+ 24. Kg2 Nxd2 25. Qxa8 Rxa8 26. hxg6 fxg6
27. Rxd2 Rxd2 28. Ne4 Rxb2 29. Rxc7 Bg7 30. Rc8+ Rxc8 0-1

[Event "Luc Bourbonnais mem."]
[Site "Gatineau CAN"]
[Date "2022.09.20"]
[Round "2"]
[White "Labelle, Raymond"]
[Black "Brault, Jean-Francois"]
[Result "1-0"]
[WhiteElo "1486"]
[BlackElo "1506"]
[PlyCount "37"]
[EventDate "2022.09.13"]
[EventType "swiss"]
[EventRounds "5"]
[EventCountry "CAN"]

1. e4 c5 2. Nf3 g6 3. d4 cxd4 4. Qxd4 Nf6 5. e5 Nc6 6. Qh4 Nxe5 7. Be2 Nxf3+ 8.
Bxf3 Bg7 9. Bh6 O-O 10. O-O e6 11. Bg5 d5 12. Nc3 b6 13. Rad1 Bb7 14. Ne4 dxe4
15. Rxd8 exf3 16. Rxf8+ Rxf8 17. Bxf6 fxg2 18. Rd1 Bf3 19. Rd8 1-0

[Event "Luc Bourbonnais mem."]
[Site "Gatineau CAN"]
[Date "2022.09.20"]
[Round "2"]
[White "Legault, Stephane"]
[Black "Carle, Frederic"]
[Result "1/2-1/2"]
[WhiteElo "1455"]
[BlackElo "1469"]
[PlyCount "112"]
[EventDate "2022.09.13"]
[EventType "swiss"]
[EventRounds "5"]
[EventCountry "CAN"]
[TimeControl "60/30:0"]

1. e4 c6 2. d4 d5 3. exd5 cxd5 4. Nc3 Bf5 5. Bf4 e6 6. Nb5 Qa5+ 7. c3 Na6 8.
Nf3 Nf6 9. Be2 Be7 10. O-O O-O 11. Qb3 Rfc8 12. Bd6 Qd8 13. Qa3 Bf8 14. Bxf8
Qxf8 15. Qxf8+ Kxf8 16. Nd6 Rc7 17. Nxf5 exf5 18. Bd3 g6 19. Rfe1 Re8 20. Rxe8+
Kxe8 21. Ne5 Ng4 22. Nxg4 fxg4 23. Re1+ Re7 24. Rxe7+ Kxe7 25. Kf1 Nc7 26. Ke2
b5 27. g3 a6 28. f3 gxf3+ 29. Kxf3 Ne6 30. a4 Nc7 31. axb5 Nxb5 32. Kf4 f6 33.
h4 Nc7 34. Ke3 f5 35. b3 a5 36. c4 dxc4 37. Bxc4 Kf6 38. Bg8 h6 39. Bc4 Ne8 40.
Kf4 g5+ 41. hxg5+ hxg5+ 42. Kf3 Nd6 43. Bd3 Ke6 44. Ke3 Kd5 45. Be2 Ne4 46.
Bc4+ Kc6 47. g4 Nd6 48. gxf5 Nxf5+ 49. Ke4 Nd6+ 50. Ke5 Nxc4+ 51. bxc4 a4 52.
Ke6 a3 53. d5+ Kc5 54. d6 a2 55. d7 a1=Q 56. d8=Q Qa6+ 1/2-1/2

[Event "Luc Bourbonnais mem."]
[Site "Gatineau CAN"]
[Date "2022.09.20"]
[Round "2"]
[White "MacIsaac, Alexandre"]
[Black "Dupont-Mageau, Nicolas"]
[Result "1-0"]
[WhiteElo "1647"]
[BlackElo "1749"]
[PlyCount "55"]
[EventDate "2022.09.13"]
[EventType "swiss"]
[EventRounds "5"]
[EventCountry "CAN"]

1. e4 c5 2. Nf3 Nc6 3. d4 cxd4 4. Nxd4 g6 5. Nc3 Bg7 6. Be3 Nf6 7. f3 Qb6 8.
Nf5 Qxb2 9. Na4 Qa3 10. c3 gxf5 11. Bc5 Qxa4 12. Qxa4 Nxe4 13. fxe4 Bxc3+ 14.
Kf2 Bxa1 15. Bb5 Bf6 16. exf5 O-O 17. g4 Kh8 18. g5 Bxg5 19. Bxc6 dxc6 20. Rg1
Bf6 21. Qg4 Bd7 22. Bxe7 Be5 23. Qe4 f6 24. Bxf8 Rxf8 25. Qg4 Bd4+ 26. Qxd4
Bxf5 27. Qd6 Rd8 28. Qxf6# 1-0

[Event "Luc Bourbonnais mem."]
[Site "Gatineau CAN"]
[Date "2022.09.20"]
[Round "2"]
[White "Masse-Garneau, Anthony"]
[Black "Scantland, Patrick"]
[Result "0-1"]
[WhiteElo "1600"]
[BlackElo "1696"]
[PlyCount "90"]
[EventDate "2022.09.13"]
[EventType "swiss"]
[EventRounds "5"]
[EventCountry "CAN"]

1. d4 Nf6 2. c4 g6 3. Nc3 d5 4. e3 Bg7 5. Nf3 O-O 6. Bd2 c6 7. a4 Nbd7 8. b4
dxc4 9. Bxc4 Nb6 10. Ba2 Nbd5 11. Nxd5 Nxd5 12. Rc1 Bg4 13. h3 Be6 14. Bc4 Qd6
15. Qb3 a6 16. a5 Rab8 17. Ng5 Bf5 18. Bxd5 cxd5 19. Rc5 e6 20. g4 Be4 21. Nxe4
dxe4 22. b5 Rfc8 23. Bb4 Rxc5 24. Bxc5 Qd5 25. Qxd5 exd5 26. b6 Rc8 27. Kd2 Rc6
28. Rc1 f5 29. gxf5 gxf5 30. Bb4 Rxc1 31. Kxc1 Kf7 32. Kb2 Ke6 33. Kb3 Kd7 34.
Ka4 Bf6 35. Be1 Kc6 36. Kb4 Be7+ 37. Ka4 Bd6 38. Bb4 Bh2 39. Be7 f4 40. Bg5 Bg1
41. Bxf4 Bxf2 42. Bg5 Be1 43. Bf4 Bd2 44. Bg5 Kd6 45. Bh6 Ke6 0-1

[Event "Luc Bourbonnais mem."]
[Site "Gatineau CAN"]
[Date "2022.09.20"]
[Round "2"]
[White "Rioux, Jocelyn"]
[Black "Thompson, Francis"]
[Result "0-1"]
[WhiteElo "1581"]
[BlackElo "1666"]
[PlyCount "70"]
[EventDate "2022.09.13"]
[EventType "swiss"]
[EventRounds "5"]
[EventCountry "CAN"]

1. d4 Nf6 2. Bf4 g6 3. e3 Bg7 4. Be2 c5 5. c3 Qb6 6. Qb3 d5 7. dxc5 Qxc5 8.
Qb5+ Qxb5 9. Bxb5+ Nc6 10. Nf3 Nd7 11. Nbd2 e5 12. Bg3 a6 13. Be2 Nc5 14. O-O
Bf5 15. Nh4 Bd3 16. Bxd3 Nxd3 17. Rab1 e4 18. c4 f5 19. cxd5 Nce5 20. Bxe5 Bxe5
21. Nc4 Bf6 22. g3 b5 23. Nd6+ Kd7 24. Ndxf5 gxf5 25. Nxf5 Rac8 26. f3 exf3 27.
Rxf3 Bxb2 28. e4 Rc1+ 29. Rxc1 Nxc1 30. Rf2 Ba3 31. Rc2 Rc8 32. Rxc8 Kxc8 33.
Nd4 Bc5 34. Kf1 Bxd4 35. Ke1 Nxa2 0-1

[Event "Luc Bourbonnais mem."]
[Site "Gatineau CAN"]
[Date "2022.09.20"]
[Round "2"]
[White "Seguin, Hubert"]
[Black "Lecorre, Joel"]
[Result "1/2-1/2"]
[WhiteElo "1516"]
[BlackElo "1501"]
[PlyCount "83"]
[EventDate "2022.09.13"]
[EventType "swiss"]
[EventRounds "5"]
[EventCountry "CAN"]

1. e4 e6 2. d4 d5 3. e5 c5 4. c3 Nc6 5. Nf3 Qb6 6. Be2 Nge7 7. Na3 cxd4 8. cxd4
a6 9. O-O Bd7 10. Nc2 Ng6 11. g3 Be7 12. Ne3 Rc8 13. h4 h6 14. h5 Nf8 15. Ng2
Nh7 16. Rb1 Nb4 17. a3 Nc2 18. Be3 Bb5 19. Bxb5+ Qxb5 20. Nge1 Nxe3 21. fxe3
O-O 22. Nd3 Ng5 23. Nxg5 Bxg5 24. Nf4 Rc6 25. Qd2 Rfc8 26. Rfc1 Rxc1+ 27. Rxc1
Rxc1+ 28. Qxc1 Qc4 29. Qc3 b6 30. Kf2 Be7 31. e4 Qxc3 32. bxc3 dxe4 33. a4 b5
34. axb5 axb5 35. Ke3 Bd8 36. Kxe4 Ba5 37. Kd3 Kf8 38. d5 exd5 39. Nxd5 Ke8 40.
g4 Kd7 41. Kd4 Ke6 42. Nf4+ 1/2-1/2

[Event "Luc Bourbonnais mem."]
[Site "Gatineau CAN"]
[Date "2022.09.20"]
[Round "2"]
[White "Thibault, Mario"]
[Black "Desjardins, Michel"]
[Result "0-1"]
[WhiteElo "1762"]
[BlackElo "1787"]
[PlyCount "66"]
[EventDate "2022.09.13"]
[EventType "swiss"]
[EventRounds "5"]
[EventCountry "CAN"]

1. e4 d5 2. exd5 Qxd5 3. Nc3 Qd6 4. d3 Nf6 5. g3 Bg4 6. Nf3 Nc6 7. Be3 Ne5 8.
Bg2 Qc6 9. Nh4 Bxd1 10. Bxc6+ Nxc6 11. Rxd1 O-O-O 12. Nf3 h6 13. d4 e6 14. a3
Ng4 15. Bc1 Bd6 16. h3 Nf6 17. Nb5 Be7 18. c4 a6 19. Nc3 Rhe8 20. O-O Nd7 21.
Be3 Na5 22. Nd2 Nb6 23. c5 Nd5 24. Rc1 Nc6 25. Ne2 Bf6 26. Ne4 Be7 27. b4 Nf6
28. Nd2 e5 29. Nb3 Nd5 30. Rcd1 Bf6 31. Bc1 exd4 32. Nexd4 Nxd4 33. Nxd4 Nc3
0-1

[Event "Luc Bourbonnais mem."]
[Site "Gatineau CAN"]
[Date "2022.09.20"]
[Round "2"]
[White "Villeneuve, Denis"]
[Black "Hamon, Vincent"]
[Result "0-1"]
[WhiteElo "1476"]
[BlackElo "1378"]
[PlyCount "90"]
[EventDate "2022.09.13"]
[EventType "swiss"]
[EventRounds "5"]
[EventCountry "CAN"]

1. e4 c6 2. Nf3 d5 3. Nc3 dxe4 4. Nxe4 Nf6 5. Ng3 Bg4 6. h3 Bxf3 7. Qxf3 e6 8.
c3 Be7 9. Bc4 Nbd7 10. d4 O-O 11. O-O b5 12. Bb3 Qb6 13. Re1 Rfe8 14. Bf4 a5
15. Re2 a4 16. Bc2 Qb7 17. Rae1 Nb6 18. Ne4 Nbd5 19. Bd6 Nxe4 20. Qxe4 Nf6 21.
Qf4 Bxd6 22. Qxd6 Rad8 23. Qg3 Rd7 24. Qf3 Red8 25. h4 Qb6 26. h5 h6 27. Re5
Rd5 28. b4 axb3 29. Bxb3 R5d6 30. g4 b4 31. g5 hxg5 32. Rxg5 Ne8 33. Rc5 bxc3
34. Rxc3 Rxd4 35. Rxe6 fxe6 36. Bxe6+ Kh8 37. Qf8+ Kh7 38. Rg3 Qb1+ 39. Kh2
Rh4+ 40. Bh3 Qb8 41. Qf5+ Kg8 42. Qg5 Rdd4 43. Kg2 Qf4 44. Be6+ Kh8 45. Qe7
Qe4+ 0-1

[Event "Luc Bourbonnais mem."]
[Site "Gatineau CAN"]
[Date "2022.09.27"]
[Round "3"]
[White "Brault, Jean-Francois"]
[Black "Lecorre, Joel"]
[Result "1/2-1/2"]
[WhiteElo "1506"]
[BlackElo "1501"]
[PlyCount "76"]
[EventDate "2022.09.13"]
[EventType "swiss"]
[EventRounds "5"]
[EventCountry "CAN"]
[TimeControl "90/30:0"]

1. c4 e5 2. Nc3 c5 3. d3 Nc6 4. g3 d6 5. Bg2 Nf6 6. Bg5 Be7 7. e3 Nd7 8. Bxe7
Nxe7 9. Nge2 Rb8 10. O-O O-O 11. f4 f5 12. Nd5 Nf6 13. Nec3 Be6 14. fxe5 dxe5
15. e4 Nfxd5 16. exd5 Bc8 17. Qe2 Ng6 18. Rf2 a6 19. Raf1 Qd6 20. Bh3 Ne7 21.
g4 g6 22. Bg2 Bd7 23. g5 Nc8 24. Ne4 Qc7 25. d6 Nxd6 26. Nf6+ Rxf6 27. gxf6 Re8
28. Re1 Kf7 29. b3 Kxf6 30. Qb2 Nf7 31. a3 a5 32. b4 b6 33. b5 Qd6 34. Qd2 Qd4
35. Kh1 g5 36. Rg1 h6 37. Rgf1 Nd6 38. Re1 f4 1/2-1/2

[Event "Luc Bourbonnais mem."]
[Site "Gatineau CAN"]
[Date "2022.09.27"]
[Round "3"]
[White "Hamon, Vincent"]
[Black "Simard, Francois"]
[Result "1-0"]
[WhiteElo "1378"]
[BlackElo "1371"]
[PlyCount "97"]
[EventDate "2022.09.13"]
[EventType "swiss"]
[EventRounds "5"]
[EventCountry "CAN"]
[TimeControl "90/30:0"]

1. d4 d5 2. Nc3 Nf6 3. Bf4 c5 4. e3 Nc6 5. Nb5 g5 6. Bg3 e5 7. Bxe5 Nxe5 8.
dxe5 Nd7 9. Qxd5 Nb6 10. Qxd8+ Kxd8 11. O-O-O+ Bd7 12. Nf3 h6 13. e6 fxe6 14.
Ne5 a6 15. Nf7+ Ke7 16. Nxh8 axb5 17. Ng6+ Ke8 18. Nxf8 Kxf8 19. Kb1 Bc6 20.
Rg1 Ke7 21. Be2 Rf8 22. Rdf1 c4 23. Bh5 b4 24. f3 c3 25. Rd1 cxb2 26. Rd4 Na4
27. Rxb4 Ra8 28. e4 Kd6 29. Rd1+ Kc5 30. Rb3 Bb5 31. Rh1 Bc4 32. Rxb7 Kd4 33.
Rd7+ Kc3 34. Rc7 Kd4 35. Rxc4+ Kxc4 36. Re1 Rd8 37. Bf7 Kc3 38. Bxe6 Kd2 39.
Rh1 Kc3 40. Bd5 Kd2 41. Bb3 Nc3+ 42. Kxb2 Nd1+ 43. Ka1 Kc3 44. e5 Nb2 45. e6
Rd2 46. Re1 Rd8 47. e7 Re8 48. Bf7 Kxc2 49. Bxe8 1-0

[Event "Luc Bourbonnais mem."]
[Site "Gatineau CAN"]
[Date "2022.09.27"]
[Round "3"]
[White "Labelle, Raymond"]
[Black "Villeneuve, Denis"]
[Result "1-0"]
[WhiteElo "1486"]
[BlackElo "1476"]
[PlyCount "87"]
[EventDate "2022.09.13"]
[EventType "swiss"]
[EventRounds "5"]
[EventCountry "CAN"]

1. e4 d6 2. d4 Nd7 3. Nf3 e5 4. d5 Ngf6 5. Nc3 Nc5 6. Bb5+ Bd7 7. Bxd7+ Qxd7 8.
Qe2 Qg4 9. Qb5+ Nfd7 10. O-O O-O-O 11. Re1 a6 12. Qe2 Nb6 13. b4 Ncd7 14. Ng5
Qxe2 15. Rxe2 f6 16. Nf7 Be7 17. Nxh8 Rxh8 18. a4 g6 19. a5 Na8 20. b5 Nc5 21.
bxa6 Nxa6 22. Nb5 f5 23. exf5 gxf5 24. f4 e4 25. Nd4 Bf6 26. Ra4 Bxd4+ 27. Rxd4
Kd7 28. Bd2 Rf8 29. g4 Nc5 30. gxf5 Rxf5 31. Bb4 Rxf4 32. Bxc5 dxc5 33. Rdxe4
Rxe4 34. Rxe4 b5 35. c4 bxc4 36. Rxc4 Kd6 37. Kf2 Kxd5 38. Rh4 Kd6 39. Ke3 c6
40. Rh5 Nc7 41. Kd3 Ne6 42. Rxh7 Nf8 43. Rh8 Nd7 44. a6 1-0

[Event "Luc Bourbonnais mem."]
[Site "Gatineau CAN"]
[Date "2022.09.27"]
[Round "3"]
[White "Lavoie, Aren"]
[Black "Rioux, Jocelyn"]
[Result "0-1"]
[WhiteElo "1404"]
[BlackElo "1581"]
[PlyCount "56"]
[EventDate "2022.09.13"]
[EventType "swiss"]
[EventRounds "5"]
[EventCountry "CAN"]

1. e4 c6 2. Nc3 d5 3. Nf3 dxe4 4. Nxe4 Bf5 5. Ng3 Bg6 6. d4 Nd7 7. Bc4 e6 8.
Bg5 Ngf6 9. Ne5 Nxe5 10. dxe5 Qxd1+ 11. Rxd1 Nd7 12. Bf4 Bxc2 13. Rd2 Bb4 14.
O-O Bxd2 15. Bxd2 Nxe5 16. Be2 Bd3 17. Bc3 Bxe2 18. Re1 Nf3+ 19. gxf3 Bxf3 20.
Bxg7 Rg8 21. Bf6 Bd5 22. a3 h5 23. h3 h4 24. Bxh4 Rh8 25. Nf5 Kd7 26. Bf6 Rxh3
27. Ng3 Rg8 28. Re3 Rh1# 0-1

[Event "Luc Bourbonnais mem."]
[Site "Gatineau CAN"]
[Date "2022.09.27"]
[Round "3"]
[White "Legault, Stephane"]
[Black "Godbout, Elliott"]
[Result "0-1"]
[WhiteElo "1455"]
[BlackElo "1156"]
[PlyCount "100"]
[EventDate "2022.09.13"]
[EventType "swiss"]
[EventRounds "5"]
[EventCountry "CAN"]
[TimeControl "90/30:0"]

1. e4 e5 2. f4 d6 3. Nf3 Nc6 4. Bc4 Bg4 5. Bxf7+ Kxf7 6. Ng5+ Qxg5 7. fxg5 Bxd1
8. O-O+ Ke8 9. Rxd1 Nd4 10. Na3 Be7 11. h4 Ne2+ 12. Kf2 Nxc1 13. Raxc1 h6 14.
Nb5 Kd7 15. g4 c6 16. Nc3 hxg5 17. h5 Rf8+ 18. Kg3 Nh6 19. Rf1 Rxf1 20. Rxf1
Rf8 21. Rxf8 Bxf8 22. Ne2 Ke6 23. d4 Ng8 24. c3 Ne7 25. Ng1 g6 26. Nf3 Kf6 27.
c4 Bh6 28. d5 Nc8 29. hxg6 Kxg6 30. Nd2 Nb6 31. b3 cxd5 32. cxd5 Nd7 33. Nc4
Bf8 34. Na5 Nc5 35. Kf3 b6 36. Nc6 a5 37. Ke3 Kf7 38. Kf3 Nd3 39. a3 Be7 40.
Ke3 Nc5 41. b4 axb4 42. axb4 Nb3 43. Kd3 Ke8 44. Kc3 Nd4 45. Nxd4 exd4+ 46.
Kxd4 b5 47. e5 dxe5+ 48. Kxe5 Bxb4 49. Ke6 Bd2 50. Ke5 b4 0-1

[Event "Luc Bourbonnais mem."]
[Site "Gatineau CAN"]
[Date "2022.09.27"]
[Round "3"]
[White "MacIsaac, Alexandre"]
[Black "Blais, Robert"]
[Result "1-0"]
[WhiteElo "1647"]
[BlackElo "1578"]
[PlyCount "55"]
[EventDate "2022.09.13"]
[EventType "swiss"]
[EventRounds "5"]
[EventCountry "CAN"]
[TimeControl "90/30:0"]

1. e4 e5 2. Nf3 d6 3. Bc4 h6 4. Nc3 Nf6 5. d3 Bg4 6. h3 Bh5 7. g4 Bg6 8. Be3 c5
9. Nh4 Nxe4 10. Nxg6 Nxc3 11. Bxf7+ Kxf7 12. Nxh8+ Kg8 13. Qf3 Nc6 14. Nf7 Qf6
15. Nxh6+ Kh7 16. Qxf6 gxf6 17. bxc3 Bxh6 18. Bxh6 Kxh6 19. Kd2 Rf8 20. h4 f5
21. g5+ Kh5 22. Rag1 Rg8 23. Ke3 Rg6 24. f4 Ne7 25. c4 Nc6 26. c3 exf4+ 27.
Kxf4 Ne5 28. Rg3 1-0

[Event "Luc Bourbonnais mem."]
[Site "Gatineau CAN"]
[Date "2022.09.27"]
[Round "3"]
[White "Masse-Garneau, Anthony"]
[Black "Seguin, Hubert"]
[Result "0-1"]
[WhiteElo "1600"]
[BlackElo "1516"]
[PlyCount "74"]
[EventDate "2022.09.13"]
[EventType "swiss"]
[EventRounds "5"]
[EventCountry "CAN"]

1. e4 c5 2. Nf3 Nc6 3. d4 cxd4 4. Nxd4 d6 5. Nc3 g6 6. Be3 Bg7 7. Bc4 Nf6 8.
Bb3 O-O 9. f3 Bd7 10. Qd2 a6 11. Nxc6 bxc6 12. Bh6 Qc7 13. O-O-O Be6 14. Bxg7
Kxg7 15. Bxe6 fxe6 16. Rhe1 Nd7 17. f4 Nb6 18. g3 a5 19. a4 Rab8 20. b3 Rf7 21.
h4 h5 22. Qd3 Nd7 23. Qc4 Nc5 24. e5 Rb4 25. exd6 exd6 26. Qe2 Rf5 27. Qg2 d5
28. Qg1 Qe7 29. Rd4 Nxb3+ 30. cxb3 Rxb3 31. Nb1 Qc5+ 32. Kd2 Rb2+ 33. Ke3 e5
34. fxe5 Rxe5+ 35. Kf3 Rxe1 36. Qxe1 Qxd4 37. Qe7+ Kh8 0-1

[Event "Luc Bourbonnais mem."]
[Site "Gatineau CAN"]
[Date "2022.09.27"]
[Round "3"]
[White "Raymond, Daniel"]
[Black "Thibault, Mario"]
[Result "1-0"]
[WhiteElo "1741"]
[BlackElo "1762"]
[PlyCount "127"]
[EventDate "2022.09.13"]
[EventType "swiss"]
[EventRounds "5"]
[EventCountry "CAN"]

1. e4 c5 2. Nf3 g6 3. d4 cxd4 4. Nxd4 Nc6 5. Nc3 Nf6 6. Bc4 d6 7. O-O Bg7 8.
Be3 O-O 9. f3 Qb6 10. Nce2 Qc7 11. Bb3 a6 12. c3 Na5 13. Qd2 Bd7 14. Rad1 Rac8
15. Ng3 Nc4 16. Bxc4 Qxc4 17. Nb3 Bb5 18. Nc1 Nd7 19. Rfe1 Ne5 20. Nge2 Qc7 21.
b3 Bxe2 22. Nxe2 Nc6 23. Bh6 Rfd8 24. Bxg7 Kxg7 25. Nf4 e6 26. Qe3 Qe7 27. Nd3
Kg8 28. Nf2 Qf6 29. Ng4 Qg7 30. Rd2 h5 31. Nf2 Ne7 32. c4 d5 33. exd5 Nf5 34.
Qb6 exd5 35. cxd5 Qc3 36. Ne4 Qc7 37. Qxc7 Rxc7 38. d6 Rc6 39. d7 Ng7 40. Red1
Nf5 41. Kf2 Kg7 42. b4 b6 43. Nd6 Nxd6 44. Rxd6 Rc2+ 45. R1d2 Rc7 46. Rxb6 Ra7
47. Rdd6 a5 48. b5 Rdxd7 49. a4 Rdc7 50. Ra6 Rc2+ 51. Kg3 h4+ 52. Kh3 Re7 53.
g3 Ree2 54. Kg4 Rc4+ 55. f4 hxg3 56. hxg3 Rxa4 57. b6 Re3 58. b7 f5+ 59. Kh4
g5+ 60. Kh5 Re8 61. Rd7+ Kf8 62. Rb6 gxf4 63. b8=Q Rae4 64. Qd6+ 1-0

[Event "Luc Bourbonnais mem."]
[Site "Gatineau CAN"]
[Date "2022.09.27"]
[Round "3"]
[White "Scantland, Patrick"]
[Black "Desjardins, Michel"]
[Result "0-1"]
[WhiteElo "1696"]
[BlackElo "1787"]
[PlyCount "94"]
[EventDate "2022.09.13"]
[EventType "swiss"]
[EventRounds "5"]
[EventCountry "CAN"]

1. d4 d5 2. Nf3 Nf6 3. c4 c6 4. cxd5 cxd5 5. Nc3 Nc6 6. Bf4 Qb6 7. e3 a6 8. Bd3
Qxb2 9. Rc1 e6 10. O-O Ba3 11. e4 Qb4 12. Rc2 dxe4 13. Nxe4 Nd5 14. Bd6 Qa5 15.
Rc4 Bxd6 16. Nxd6+ Ke7 17. Ra4 Qd8 18. Ne4 f5 19. Nc5 Nc3 20. Qc1 Nxa4 21. Nxa4
h6 22. Re1 Kf7 23. Nc5 Re8 24. Qe3 b6 25. Nb3 Qd5 26. Qf4 Ra7 27. Rc1 Bd7 28.
Bc4 Qe4 29. Qd2 Kf8 30. Re1 Qg4 31. h3 Qg6 32. d5 exd5 33. Rxe8+ Bxe8 34. Qxd5
Bf7 35. Qd3 Bxc4 36. Qxc4 Qd6 37. Qc2 Qe6 38. Nbd4 Nxd4 39. Nxd4 Qe1+ 40. Kh2
Qe5+ 41. g3 Qxd4 42. Qxf5+ Qf6 43. Qc8+ Kf7 44. Qc4+ Kg6 45. Qd3+ Qf5 46. Qd6+
Kh7 47. Qxb6 Rf7 0-1

[Event "Luc Bourbonnais mem."]
[Site "Gatineau CAN"]
[Date "2022.10.04"]
[Round "4"]
[White "Desjardins, Michel"]
[Black "Bastien, Andre"]
[Result "1-0"]
[WhiteElo "1787"]
[BlackElo "1750"]
[PlyCount "45"]
[EventDate "2022.09.13"]
[EventType "swiss"]
[EventRounds "5"]
[EventCountry "CAN"]

1. e4 e5 2. Nc3 Nf6 3. Bc4 Bc5 4. d3 d6 5. f4 O-O 6. Nf3 Bg4 7. h3 Bxf3 8. Qxf3
c6 9. fxe5 dxe5 10. Be3 Qb6 11. Bxc5 Qxc5 12. g4 b5 13. Bb3 a5 14. a4 Ra7 15.
g5 Ne8 16. h4 Kh8 17. O-O-O Na6 18. Rdf1 bxa4 19. Nxa4 Qe7 20. Rhg1 Nd6 21. g6
Qxh4 22. Qe3 Qe7 23. Rh1 1-0

[Event "Luc Bourbonnais mem."]
[Site "Gatineau CAN"]
[Date "2022.10.04"]
[Round "4"]
[White "Lecorre, Joel"]
[Black "Carle, Frederic"]
[Result "1-0"]
[WhiteElo "1501"]
[BlackElo "1469"]
[PlyCount "101"]
[EventDate "2022.09.13"]
[EventType "swiss"]
[EventRounds "5"]
[EventCountry "CAN"]

1. e4 c6 2. Nc3 d5 3. Nf3 Bg4 4. h3 Bh5 5. exd5 cxd5 6. Bb5+ Nc6 7. g4 Bg6 8.
Ne5 Qc7 9. f4 e6 10. Qf3 Be7 11. Nxg6 hxg6 12. d4 Bh4+ 13. Ke2 Nge7 14. Be3 a6
15. Bd3 Qb6 16. Kd2 Bf6 17. Ne2 Nc8 18. Rab1 Nd6 19. g5 Be7 20. a3 Qc7 21. c3
Rc8 22. h4 b5 23. h5 gxh5 24. Rxh5 Rg8 25. Rbh1 Kd7 26. Qh3 g6 27. Rh7 Na5 28.
Kc2 Rgf8 29. Qh6 Nac4 30. Bc1 a5 31. b3 Nb6 32. Kb2 b4 33. axb4 axb4 34. Bd2
bxc3+ 35. Bxc3 Rb8 36. Kc2 Ra8 37. Rb1 Ra2+ 38. Rb2 Rfa8 39. Qh1 Qc6 40. Nc1
Ra1 41. Qe1 R8a7 42. Rb1 R1a3 43. Kb2 Bd8 44. Bb4 R3a4 45. bxa4 Nbc4+ 46. Kc2
Na3+ 47. Kd1 Qxa4+ 48. Ke2 Kc8 49. Rb3 Ndc4 50. Bc5 Rc7 51. Qc3 1-0

[Event "Luc Bourbonnais mem."]
[Site "Gatineau CAN"]
[Date "2022.10.04"]
[Round "4"]
[White "Marghetis, Aris"]
[Black "Raymond, Daniel"]
[Result "1-0"]
[WhiteElo "1815"]
[BlackElo "1743"]
[PlyCount "69"]
[EventDate "2022.09.13"]
[EventType "swiss"]
[EventRounds "5"]
[EventCountry "CAN"]

1. e4 c5 2. Nc3 Nc6 3. g3 Nf6 4. Bg2 e6 5. f4 d5 6. e5 Nd7 7. Nf3 Be7 8. d4 Rb8
9. a4 O-O 10. O-O cxd4 11. Nb5 Bc5 12. Nbxd4 Nxd4 13. Nxd4 Re8 14. c3 Nf8 15.
b4 Be7 16. Be3 a5 17. Qd2 Bd7 18. b5 Ng6 19. h4 Bc5 20. Nc2 Rc8 21. Bd4 Ne7 22.
Ne3 g6 23. g4 h5 24. Bf3 hxg4 25. Nxg4 Kg7 26. f5 Nxf5 27. Nf6 Rh8 28. h5 Bxd4+
29. cxd4 Rc4 30. hxg6 fxg6 31. Qg5 Kf7 32. Bg4 Rxd4 33. Rac1 Qb6 34. Rf2 Rd2
35. Qxd2 1-0

[Event "Luc Bourbonnais mem."]
[Site "Gatineau CAN"]
[Date "2022.10.04"]
[Round "4"]
[White "Rioux, Jocelyn"]
[Black "Brault, Jean-Francois"]
[Result "1-0"]
[WhiteElo "1581"]
[BlackElo "1506"]
[PlyCount "47"]
[EventDate "2022.09.13"]
[EventType "swiss"]
[EventRounds "5"]
[EventCountry "CAN"]
[TimeControl "90/30:0"]

1. d4 Nf6 2. Bf4 e6 3. e3 b6 4. Nf3 Bb7 5. c3 d6 6. Nbd2 Nbd7 7. Qc2 Be7 8. e4
Nf8 9. Bb5+ c6 10. Bd3 Ng6 11. Bg3 Nd7 12. O-O-O c5 13. Kb1 O-O 14. h4 cxd4 15.
Nxd4 Nxh4 16. Bxh4 Bxh4 17. N2f3 Be7 18. e5 g6 19. exd6 Bf6 20. Be4 Nc5 21.
Bxb7 Nxb7 22. Qd2 Nxd6 23. Nc6 Qc7 24. Qxd6 1-0

[Event "Luc Bourbonnais mem."]
[Site "Gatineau CAN"]
[Date "2022.10.04"]
[Round "4"]
[White "Scantland, Patrick"]
[Black "Labelle, Raymond"]
[Result "1-0"]
[WhiteElo "1696"]
[BlackElo "1486"]
[PlyCount "51"]
[EventDate "2022.09.13"]
[EventType "swiss"]
[EventRounds "5"]
[EventCountry "CAN"]
[TimeControl "90/390:0"]

1. d4 d5 2. c4 c6 3. Nf3 h6 4. Nc3 Nf6 5. Bf4 e6 6. cxd5 cxd5 7. e3 Bd6 8. Ne5
a6 9. Bd3 Nfd7 10. Nxf7 Rf8 11. Nxd6+ Ke7 12. Qh5 Nc6 13. Bg3 Nf6 14. Qg6 Ne8
15. Bh4+ Nf6 16. Nxd5+ Kxd6 17. Nxf6 Qa5+ 18. Ke2 gxf6 19. Bg3+ Ke7 20. Qxh6
Bd7 21. Qf4 e5 22. dxe5 Nxe5 23. Rad1 Nxd3 24. Qd4 Ke8 25. Rxd3 Bb5 26. Qe4+
1-0

[Event "Luc Bourbonnais mem."]
[Site "Gatineau CAN"]
[Date "2022.10.04"]
[Round "4"]
[White "Thompson, Francis"]
[Black "Blais, Robert"]
[Result "1/2-1/2"]
[WhiteElo "1666"]
[BlackElo "1576"]
[PlyCount "97"]
[EventDate "2022.09.13"]
[EventType "swiss"]
[EventRounds "5"]
[EventCountry "CAN"]
[TimeControl "90/30:0"]

1. e4 e5 2. Nf3 d6 3. d4 exd4 4. Nxd4 Nf6 5. Nc3 Be7 6. Bc4 a6 7. a4 Bd7 8. O-O
Nc6 9. f4 O-O 10. Kh1 Re8 11. Nxc6 Bxc6 12. e5 dxe5 13. fxe5 Qxd1 14. Nxd1 Nd5
15. Ne3 Rad8 16. Nf5 Rd7 17. Nd4 Bc5 18. e6 fxe6 19. Nxc6 bxc6 20. Re1 Kh8 21.
Bg5 e5 22. Bxa6 Nb4 23. Bd3 Nxd3 24. cxd3 Rxd3 25. a5 h6 26. Bh4 Bd4 27. Re2
Rb3 28. g4 Rxb2 29. Rxb2 Bxb2 30. Ra2 Bd4 31. a6 c5 32. a7 Ra8 33. Bd8 c4 34.
Bxc7 Rxa7 35. Rxa7 Bxa7 36. Bxe5 Kg8 37. Kg2 Kf7 38. Kf3 g6 39. Ke4 Ke6 40. h3
Bf2 41. Bg7 h5 42. gxh5 gxh5 43. Bc3 Bh4 44. Kd4 Bf6+ 45. Kxc4 Bxc3 46. Kxc3
Kf5 47. Kd3 Kf4 48. Ke2 Kg3 49. h4 1/2-1/2

[Event "Luc Bourbonnais mem."]
[Site "Gatineau CAN"]
[Date "2022.10.04"]
[Round "4"]
[White "Villeneuve, Denis"]
[Black "Legault, Stephane"]
[Result "0-1"]
[WhiteElo "1476"]
[BlackElo "1455"]
[PlyCount "106"]
[EventDate "2022.09.13"]
[EventType "swiss"]
[EventRounds "5"]
[EventCountry "CAN"]
[TimeControl "90/30:0"]

1. e4 e5 2. Nf3 d6 3. d4 exd4 4. Nxd4 Nf6 5. Nc3 a6 6. Be2 Bd7 7. O-O Nc6 8. f3
g6 9. Be3 Bg7 10. Qd2 O-O 11. Bg5 Ne7 12. f4 c5 13. Nf3 Bc6 14. e5 dxe5 15.
Qxd8 Raxd8 16. fxe5 Nfd5 17. Bd3 Rd7 18. Rae1 Nxc3 19. bxc3 Bd5 20. a4 Re8 21.
c4 Be6 22. Nd2 Nc6 23. Bf4 Nb4 24. Ne4 Nxd3 25. cxd3 Rxd3 26. Nxc5 Rd4 27. Nxb7
Rxc4 28. Nd6 Rxf4 29. Rxf4 Re7 30. Rb4 h6 31. Rb8+ Kh7 32. Rb7 Bd7 33. Nxf7
Rxf7 34. Rb6 Bxa4 35. Rxa6 Bb5 36. Ra5 Bc4 37. Rc5 Be6 38. Rc6 Re7 39. Ra6 h5
40. h3 Kh6 41. h4 g5 42. hxg5+ Kxg5 43. Ra5 Kg6 44. Re3 Bg4 45. Kf2 Re6 46. Kf1
Kf5 47. Ra7 Kf4 48. Kf2 Bxe5 49. g3+ Kf5 50. Ra5 Kf6 51. Rd3 Bc7 52. Ra2 Bb6+
53. Kf1 Bh3+ 0-1